01003nam a2200253 a 450000100100000000500170001000800410002704000250006808200180009310000370011124500470014826000360019530000300023150000660026150400730032765000170040065000240041765000220044165000220046304900090048595201160049495201220061099900170073200001353320240506193024.0091125s1992 dr a 000 0 spa d aDO-SdBNPbspacBNPHU a613.26bC352d1 aCastillo Ariza, Marianela92570610aDieta y salud /cMarianela Castillo Ariza. aSanto Domingo :bTaller,c1992. a277 p. ; :bil. ;c26 cm. aIncluye datos biográficos de la autora en la contracubierta aIncluye referencias bibliográficas y notas al pie de las páginas 4aDieta930867 0aNutrición 912779 4aColesterol926754 4aRecetarios917916 aBNPD 0010718PDaPDbPDcCTd2009-11-25iLF1l0o613.26 C352dp13533-10r2020-06-25w2020-06-25yLFPDZNo se presta 0010718PDaPDbPDcCTd2010-03-09iLF1l0o613.26 C352dp13533-20r2020-06-25te. 2w2020-06-25yLFPDZNo se presta c13156d13156